Państwa Ameryki Północnej i Środkowej z Medalem Igrzysk Olimpijskich - Statystyki

Ogólne statystyki
  • Ten quiz został rozwiązany 18 razy
  • Średni wynik to 17 z 20
Statystyki odpowiedzi
Zdobyty 1 Medal Odpowiedź % Poprawnych
2024 Paryż Dominika
100%
1984 Los Angeles Dominikana
100%
1900 Paryż Kanada
100%
1900 Paryż Kuba
100%
1900 Paryż Meksyk
100%
1896 Ateny Stany Zjednoczone
100%
1988 Seul Wyspy Dziewicze USA
100%
1956 Melbourne Bahamy
94%
1948 Londyn Jamajka
94%
1988 Seul Kostaryka
94%
1948 Londyn Trynidad i Tobago
94%
1924 Paryż Haiti
88%
1948 Londyn Panama
88%
2000 Sydney Barbados
82%
2012 Londyn Gwatemala
82%
2024 Paryż Saint Lucia
82%
2012 Londyn Grenada
76%
1948 Londyn Portoryko
71%
1976 Montreal Bermudy
53%
1988 Seul Antyle Holenderskie
24%
Nie znaleziono quizów pasujących do podanych kryteriów
Rozkład punktacji
Procent ludzi z każdym wynikiem
Percentyl według liczby udzielonych odpowiedzi
Twoja historia wyników
Nie rozwiązałeś tego quizu